[Event "Grand Swiss "]
[Date "2025.09.08"]
[White "Demchenko, Anton"]
[Black "Mamedyarov, Shakhriyar"]
[WhiteElo "2620"]
[BlackElo "2741"]
[Round "4.4.9"]
[Result "1/2-1/2"]

1. d4 {[%clk 01:40:56] [%emt 00:00:03]} Nf6 {[%clk 01:40:41] [%emt 00:00:19]} 2.
Bf4 {[%clk 01:41:15] [%emt 00:00:11]} c5 {[%clk 01:40:01] [%emt 00:01:11]} 3. d5
{[%clk 01:41:40] [%emt 00:00:05]} d6 {[%clk 01:39:42] [%emt 00:00:49]} 4. Nc3
{[%clk 01:42:03] [%emt 00:00:06]} e5 {[%clk 01:38:40] [%emt 00:01:32]} 5. Bg5
{[%clk 01:42:26] [%emt 00:00:06]} Be7 {[%clk 01:38:56] [%emt 00:00:15]} 6. Bxf6
{[%clk 01:42:50] [%emt 00:00:06]} Bxf6 {[%clk 01:38:52] [%emt 00:00:34]} 7. e4
{[%clk 01:43:15] [%emt 00:00:05]} h5 {[%clk 01:39:11] [%emt 00:00:11]} 8. h4
{[%clk 01:32:51] [%emt 00:10:54]} Bxh4 {[%clk 01:33:01] [%emt 00:06:40]} 9. g3
{[%clk 01:23:18] [%emt 00:10:03]} Bg5 {[%clk 01:32:53] [%emt 00:00:38]} 10. Rxh5
{[%clk 01:23:36] [%emt 00:00:13]} Bh6 {[%clk 01:27:09] [%emt 00:06:14]} 11. Bh3
{[%clk 01:04:34] [%emt 00:19:32]} Nd7 {[%clk 01:27:00] [%emt 00:00:39]} 12. Kf1
{[%clk 01:05:00] [%emt 00:00:04]} Rb8 {[%clk 01:19:08] [%emt 00:08:22]} 13. Rh4
{[%clk 00:53:23] [%emt 00:12:07]} b5 {[%clk 01:18:26] [%emt 00:01:13]} 14. Qe2
{[%clk 00:48:02] [%emt 00:05:51]} Ke7 {[%clk 01:08:37] [%emt 00:10:19]} 15. Kg2
{[%clk 00:41:39] [%emt 00:06:53]} g5 {[%clk 00:55:33] [%emt 00:13:34]} 16. Rh5
{[%clk 00:41:46] [%emt 00:00:22]} Nf6 {[%clk 00:55:53] [%emt 00:00:10]} 17. Bxc8
{[%clk 00:42:06] [%emt 00:00:11]} Nxh5 {[%clk 00:56:05] [%emt 00:00:17]} 18. Bf5
{[%clk 00:33:24] [%emt 00:09:12]} Nf6 {[%clk 00:55:55] [%emt 00:00:39]} 19. Nf3
{[%clk 00:31:25] [%emt 00:02:29]} g4 {[%clk 00:51:36] [%emt 00:04:50]} 20. Nh2
{[%clk 00:31:54] [%emt 00:00:01]} Qa5 {[%clk 00:46:49] [%emt 00:05:16]} 21. Nxg4
{[%clk 00:23:05] [%emt 00:09:19]} Nxg4 {[%clk 00:46:05] [%emt 00:01:14]} 22.
Bxg4 {[%clk 00:23:34]} b4 {[%clk 00:41:51] [%emt 00:04:45]} 23. Nd1 {[%clk
00:21:59] [%emt 00:02:05]} Qb5 {[%clk 00:42:10] [%emt 00:00:10]} 24. Qf3 {[%clk
00:20:51] [%emt 00:01:37]} Bd2 {[%clk 00:38:56] [%emt 00:03:45]} 25. Ne3 {[%clk
00:17:21] [%emt 00:03:59]} Bxe3 {[%clk 00:34:57] [%emt 00:04:30]} 26. fxe3
{[%clk 00:17:51] [%emt 00:00:01]} Rh7 {[%clk 00:30:20] [%emt 00:05:06]} 27. a4
{[%clk 00:09:49] [%emt 00:08:33]} Qc4 {[%clk 00:26:49] [%emt 00:04:01]} 28. Qf5
{[%clk 00:10:10] [%emt 00:00:09]} Qxc2+ {[%clk 00:26:17] [%emt 00:01:02]} 29.
Kf3 {[%clk 00:10:39]} Rh6 {[%clk 00:26:24] [%emt 00:00:23]} 30. Qd7+ {[%clk
00:11:03] [%emt 00:00:06]} Kf8 {[%clk 00:26:49] [%emt 00:00:04]} 31. Rh1 {[%clk
00:11:30] [%emt 00:00:05]} Rf6+ {[%clk 00:17:09] [%emt 00:10:10]} 32. Bf5 {[%clk
00:11:59] [%emt 00:00:01]} Kg7 {[%clk 00:17:07] [%emt 00:00:32]} 33. Rh7+ {[%clk
00:11:03] [%emt 00:01:26]} Kg8 {[%clk 00:17:15] [%emt 00:00:21]} 34. Rh1 {[%clk
00:11:31] [%emt 00:00:04]} Kg7 {[%clk 00:13:58] [%emt 00:03:47]} 35. Rh7+ {[%clk
00:11:11] [%emt 00:00:50]} Kg8 {[%clk 00:14:22] [%emt 00:00:06]} 36. Rh1 {[%clk
00:11:38] [%emt 00:00:03]} 1/2-1/2

[Site "Europe Echecs"]

[Event "Grand Swiss "]
[Date "2025.09.08"]
[White "Vachier-Lagrave, Maxime"]
[Black "Maurizzi, MarcAndria"]
[WhiteElo "2738"]
[BlackElo "2610"]
[Round "4.4.10"]
[Result "0-1"]

1. e4 {[%clk 01:40:58]} c6 {[%clk 01:40:27] [%emt 00:00:34]} 2. d4 {[%clk
01:41:24] [%emt 00:00:05]} d5 {[%clk 01:39:02] [%emt 00:01:54]} 3. e5 {[%clk
01:41:51] [%emt 00:00:03]} Bf5 {[%clk 01:39:08] [%emt 00:00:24]} 4. Nf3 {[%clk
01:41:58] [%emt 00:00:23]} e6 {[%clk 01:38:58] [%emt 00:00:40]} 5. Be2 {[%clk
01:42:23] [%emt 00:00:05]} Ne7 {[%clk 01:38:49] [%emt 00:00:38]} 6. O-O {[%clk
01:42:40] [%emt 00:00:14]} c5 {[%clk 01:39:14] [%emt 00:00:06]} 7. Be3 {[%clk
01:37:44] [%emt 00:05:26]} Nec6 {[%clk 01:39:10] [%emt 00:00:33]} 8. c3 {[%clk
01:28:47] [%emt 00:09:27]} Nd7 {[%clk 01:38:54] [%emt 00:00:45]} 9. a3 {[%clk
01:28:13] [%emt 00:01:05]} Be7 {[%clk 01:37:39] [%emt 00:01:46]} 10. b4 {[%clk
01:24:00] [%emt 00:04:43]} cxd4 {[%clk 01:37:07] [%emt 00:01:01]} 11. cxd4
{[%clk 01:24:22] [%emt 00:00:09]} O-O {[%clk 01:37:13] [%emt 00:00:24]} 12. Nbd2
{[%clk 01:22:46] [%emt 00:02:05]} Rc8 {[%clk 01:37:38] [%emt 00:00:05]} 13. Rc1
{[%clk 01:20:03] [%emt 00:03:13]} a6 {[%clk 01:38:02] [%emt 00:00:06]} 14. Nb3
{[%clk 01:13:50] [%emt 00:06:43]} b5 {[%clk 01:26:56] [%emt 00:11:37]} 15. Nc5
{[%clk 01:14:12] [%emt 00:00:08]} Nb6 {[%clk 01:26:28] [%emt 00:00:58]} 16. Nxa6
{[%clk 01:05:27] [%emt 00:09:16]} Nc4 {[%clk 01:26:44] [%emt 00:00:13]} 17. a4
{[%clk 01:05:50] [%emt 00:00:07]} Nxb4 {[%clk 01:22:46] [%emt 00:04:28]} 18.
Nxb4 {[%clk 01:05:29] [%emt 00:00:51]} Bxb4 {[%clk 01:23:10] [%emt 00:00:06]}
19. Qb3 {[%clk 00:56:37] [%emt 00:09:21]} Ba3 {[%clk 00:53:16] [%emt 00:30:24]}
20. Rxc4 {[%clk 00:57:01] [%emt 00:00:06]} dxc4 {[%clk 00:53:44] [%emt
00:00:02]} 21. Qxa3 {[%clk 00:57:22] [%emt 00:00:08]} Qa5 {[%clk 00:54:13] [%emt
00:00:02]} 22. d5 {[%clk 00:49:54] [%emt 00:07:58]} b4 {[%clk 00:51:44] [%emt
00:02:59]} 23. Qb2 {[%clk 00:49:34] [%emt 00:00:50]} exd5 {[%clk 00:42:42] [%emt
00:09:31]} 24. Nd4 {[%clk 00:45:49] [%emt 00:04:15]} Bd7 {[%clk 00:42:38] [%emt
00:00:34]} 25. f4 {[%clk 00:41:55] [%emt 00:04:24]} c3 {[%clk 00:37:26] [%emt
00:05:42]} 26. Qb1 {[%clk 00:38:52] [%emt 00:03:32]} Bxa4 {[%clk 00:29:53] [%emt
00:08:04]} 27. Bd3 {[%clk 00:36:59] [%emt 00:02:22]} g6 {[%clk 00:28:18] [%emt
00:02:05]} 28. f5 {[%clk 00:32:02] [%emt 00:05:28]} b3 {[%clk 00:28:23] [%emt
00:00:25]} 29. Qe1 {[%clk 00:26:02] [%emt 00:06:30]} Qc7 {[%clk 00:25:25] [%emt
00:03:28]} 30. Bh6 {[%clk 00:21:54] [%emt 00:04:37]} c2 {[%clk 00:21:01] [%emt
00:04:54]} 31. Qb4 {[%clk 00:10:40] [%emt 00:11:44]} Qxe5 {[%clk 00:07:58] [%emt
00:13:33]} 32. Qxa4 {[%clk 00:11:02] [%emt 00:00:08]} Rc4 {[%clk 00:04:10] [%emt
00:04:18]} 33. Nc6 {[%clk 00:09:50] [%emt 00:01:42]} Rxa4 {[%clk 00:03:50] [%emt
00:00:50]} 34. Nxe5 {[%clk 00:10:11] [%emt 00:00:09]} Rc8 {[%clk 00:04:10] [%emt
00:00:11]} 35. Bc1 {[%clk 00:05:14] [%emt 00:05:27]} Ra2 {[%clk 00:03:10] [%emt
00:01:30]} 36. fxg6 {[%clk 00:04:19] [%emt 00:01:25]} hxg6 {[%clk 00:02:58]
[%emt 00:00:41]} 37. Bxg6 {[%clk 00:02:44] [%emt 00:02:05]} fxg6 {[%clk
00:03:15] [%emt 00:00:13]} 38. Nd3 {[%clk 00:03:12] [%emt 00:00:02]} Ra1 {[%clk
00:02:44] [%emt 00:01:01]} 0-1

[Site "Europe Echecs"]

[Event "Grand Swiss "]
[Date "2025.09.08"]
[White "Mendonca, Leon Luke"]
[Black "Niemann, Hans Moke"]
[WhiteElo "2615"]
[BlackElo "2733"]
[Round "4.4.11"]
[Result "1/2-1/2"]

1. Nf3 {[%clk 01:40:51] [%emt 00:00:07]} d5 {[%clk 01:38:38] [%emt 00:02:21]} 2.
g3 {[%clk 01:40:41] [%emt 00:00:41]} Nf6 {[%clk 01:35:10] [%emt 00:03:58]} 3.
Bg2 {[%clk 01:37:54] [%emt 00:03:17]} e6 {[%clk 01:35:22] [%emt 00:00:18]} 4.
O-O {[%clk 01:37:29] [%emt 00:00:56]} Be7 {[%clk 01:35:32] [%emt 00:00:19]} 5.
c4 {[%clk 01:37:32] [%emt 00:00:29]} O-O {[%clk 01:35:25] [%emt 00:00:36]} 6. b3
{[%clk 01:36:25] [%emt 00:01:38]} d4 {[%clk 01:32:24] [%emt 00:03:30]} 7. e3
{[%clk 01:36:38] [%emt 00:00:18]} c5 {[%clk 01:32:32] [%emt 00:00:21]} 8. Ne5
{[%clk 01:35:54] [%emt 00:01:15]} Qc7 {[%clk 01:25:18] [%emt 00:07:44]} 9. f4
{[%clk 01:35:24] [%emt 00:01:00]} Nfd7 {[%clk 01:18:47] [%emt 00:07:00]} 10.
exd4 {[%clk 01:35:10] [%emt 00:00:44]} cxd4 {[%clk 01:17:53] [%emt 00:01:24]}
11. Nd3 {[%clk 01:35:31] [%emt 00:00:10]} Nc5 {[%clk 01:12:49] [%emt 00:05:33]}
12. Nxc5 {[%clk 01:32:41] [%emt 00:03:20]} Bxc5 {[%clk 01:13:06] [%emt
00:00:12]} 13. Ba3 {[%clk 01:15:18] [%emt 00:17:53]} Bxa3 {[%clk 01:09:59] [%emt
00:03:37]} 14. Nxa3 {[%clk 01:15:46] [%emt 00:00:02]} Bd7 {[%clk 01:10:13] [%emt
00:00:16]} 15. Qe2 {[%clk 00:58:36] [%emt 00:17:41]} Bc6 {[%clk 01:07:52] [%emt
00:02:50]} 16. f5 {[%clk 00:56:01] [%emt 00:03:06]} exf5 {[%clk 00:58:11] [%emt
00:10:10]} 17. Rxf5 {[%clk 00:56:19] [%emt 00:00:11]} Nd7 {[%clk 00:58:30] [%emt
00:00:10]} 18. Nb5 {[%clk 00:49:38] [%emt 00:07:11]} Qb6 {[%clk 00:56:38] [%emt
00:02:22]} 19. Qf2 {[%clk 00:41:59] [%emt 00:08:10]} g6 {[%clk 00:53:29] [%emt
00:03:38]} 20. Rf4 {[%clk 00:42:24] [%emt 00:00:06]} Bxb5 {[%clk 00:36:23] [%emt
00:17:35]} 21. cxb5 {[%clk 00:42:53] [%emt 00:00:02]} Qxb5 {[%clk 00:34:56]
[%emt 00:01:57]} 22. Rxd4 {[%clk 00:36:00] [%emt 00:07:23]} Rad8 {[%clk
00:33:31] [%emt 00:01:55]} 23. Re1 {[%clk 00:36:02] [%emt 00:00:28]} Ne5 {[%clk
00:16:13] [%emt 00:17:48]} 24. a4 {[%clk 00:30:34] [%emt 00:05:59]} Qa5 {[%clk
00:15:54] [%emt 00:00:47]} 25. b4 {[%clk 00:30:08] [%emt 00:00:57]} Qc7 {[%clk
00:15:53] [%emt 00:00:29]} 26. Rxd8 {[%clk 00:30:00] [%emt 00:00:40]} Rxd8
{[%clk 00:16:03] [%emt 00:00:20]} 27. Qxa7 {[%clk 00:29:30] [%emt 00:01:01]} Nd3
{[%clk 00:13:30] [%emt 00:03:01]} 28. Rf1 {[%clk 00:20:17] [%emt 00:09:44]} Nxb4
{[%clk 00:13:25] [%emt 00:00:35]} 29. Qxb7 {[%clk 00:20:43] [%emt 00:00:04]}
Qxb7 {[%clk 00:13:50] [%emt 00:00:05]} 30. Bxb7 {[%clk 00:21:10] [%emt
00:00:03]} Rd7 {[%clk 00:14:01] [%emt 00:00:19]} 31. Bf3 {[%clk 00:18:43] [%emt
00:02:58]} Rxd2 {[%clk 00:14:20] [%emt 00:00:11]} 32. Ra1 {[%clk 00:19:08] [%emt
00:00:05]} Nc2 {[%clk 00:11:07] [%emt 00:03:42]} 33. Rd1 {[%clk 00:19:31] [%emt
00:00:07]} Nd4 {[%clk 00:11:34] [%emt 00:00:02]} 34. Bg4 {[%clk 00:19:56] [%emt
00:00:05]} Ne2+ {[%clk 00:12:00] [%emt 00:00:04]} 35. Bxe2 {[%clk 00:20:23]
[%emt 00:00:04]} Rxe2 {[%clk 00:12:27] [%emt 00:00:03]} 36. Ra1 {[%clk 00:20:50]
[%emt 00:00:02]} Re6 {[%clk 00:12:37] [%emt 00:00:19]} 37. a5 {[%clk 00:21:19]
[%emt 00:00:02]} Ra6 {[%clk 00:13:01] [%emt 00:00:05]} 38. Kf2 {[%clk 00:21:47]
[%emt 00:00:03]} Kf8 {[%clk 00:13:25] [%emt 00:00:05]} 39. Ke3 {[%clk 00:22:10]
[%emt 00:00:07]} Ke7 {[%clk 00:13:50] [%emt 00:00:04]} 40. Kd4 {[%clk 00:22:33]
[%emt 00:00:08]} Kd6 {[%clk 00:14:01] [%emt 00:00:17]} 41. g4 {[%clk 00:14:11]
[%emt 00:08:54]} h6 {[%clk 00:13:26] [%emt 00:01:04]} 42. h3 {[%clk 00:08:30]
[%emt 00:06:11]} Kc7 {[%clk 00:10:56] [%emt 00:02:57]} 43. Rc1+ {[%clk 00:04:06]
[%emt 00:04:57]} Kb7 {[%clk 00:10:41] [%emt 00:00:44]} 44. Rf1 {[%clk 00:03:56]
[%emt 00:00:41]} Rxa5 {[%clk 00:08:21] [%emt 00:02:50]} 45. Rxf7+ {[%clk
00:04:22] [%emt 00:00:05]} Kc8 {[%clk 00:07:07] [%emt 00:01:43]} 46. Rf6 {[%clk
00:04:19] [%emt 00:00:33]} h5 {[%clk 00:05:29] [%emt 00:02:07]} 47. Rxg6 {[%clk
00:04:21] [%emt 00:00:30]} hxg4 {[%clk 00:05:55] [%emt 00:00:04]} 48. hxg4
{[%clk 00:04:24] [%emt 00:00:27]} Kd7 {[%clk 00:06:19] [%emt 00:00:05]} 49. g5
{[%clk 00:03:50] [%emt 00:01:06]} Ke7 {[%clk 00:06:43] [%emt 00:00:05]} 50. Ke4
{[%clk 00:04:18] [%emt 00:00:03]} Kf7 {[%clk 00:07:06] [%emt 00:00:06]} 51. Rf6+
{[%clk 00:04:47] [%emt 00:00:02]} Kg7 {[%clk 00:07:30] [%emt 00:00:05]} 52. Rf5
{[%clk 00:05:15] [%emt 00:00:03]} Ra4+ {[%clk 00:07:53] [%emt 00:00:06]} 53. Kf3
{[%clk 00:05:34] [%emt 00:00:11]} Kg6 {[%clk 00:08:19] [%emt 00:00:04]} 54. Rf4
{[%clk 00:06:02] [%emt 00:00:03]} Ra5 {[%clk 00:08:44] [%emt 00:00:04]} 55. Rg4
{[%clk 00:06:30] [%emt 00:00:03]} Rf5+ {[%clk 00:09:07] [%emt 00:00:06]} 56. Kg3
{[%clk 00:06:57] [%emt 00:00:03]} Rxg5 {[%clk 00:09:33] [%emt 00:00:05]} 57. Kh4
{[%clk 00:07:24] [%emt 00:00:03]} Rxg4+ {[%clk 00:10:00] [%emt 00:00:03]} 58.
Kxg4 {[%clk 00:07:53] [%emt 00:00:02]} 1/2-1/2

[Site "Europe Echecs"]

[Event "Grand Swiss "]
[Date "2025.09.08"]
[White "Ivanchuk, Vasyl"]
[Black "Vidit, Santosh Gujrathi"]
[WhiteElo "2608"]
[BlackElo "2712"]
[Round "4.4.12"]
[Result "1/2-1/2"]

1. e4 {[%clk 01:40:55] [%emt 00:00:04]} e5 {[%clk 01:40:03] [%emt 00:00:58]} 2.
Nf3 {[%clk 01:41:15] [%emt 00:00:09]} Nc6 {[%clk 01:40:21] [%emt 00:00:12]} 3.
d4 {[%clk 01:41:40] [%emt 00:00:05]} exd4 {[%clk 01:40:35] [%emt 00:00:16]} 4.
Nxd4 {[%clk 01:42:03] [%emt 00:00:07]} Nf6 {[%clk 01:40:55] [%emt 00:00:10]} 5.
Nxc6 {[%clk 01:42:26] [%emt 00:00:08]} bxc6 {[%clk 01:41:18] [%emt 00:00:06]} 6.
e5 {[%clk 01:42:52] [%emt 00:00:04]} Qe7 {[%clk 01:41:35] [%emt 00:00:13]} 7.
Qe2 {[%clk 01:43:15] [%emt 00:00:08]} Nd5 {[%clk 01:41:54] [%emt 00:00:11]} 8.
h4 {[%clk 01:43:41] [%emt 00:00:04]} Qe6 {[%clk 01:36:53] [%emt 00:05:30]} 9.
Nd2 {[%clk 01:42:22] [%emt 00:01:46]} a5 {[%clk 01:29:32] [%emt 00:07:56]} 10.
c4 {[%clk 01:29:16] [%emt 00:13:34]} Nb4 {[%clk 01:23:01] [%emt 00:07:02]} 11.
Nf3 {[%clk 01:26:37] [%emt 00:03:06]} Qg6 {[%clk 01:14:34] [%emt 00:09:01]} 12.
h5 {[%clk 01:04:17] [%emt 00:22:49]} Qc2 {[%clk 01:14:18] [%emt 00:00:46]} 13.
h6 {[%clk 01:04:13] [%emt 00:00:34]} gxh6 {[%clk 00:37:10] [%emt 00:37:39]} 14.
Nd4 {[%clk 00:39:40] [%emt 00:25:02]} Qxe2+ {[%clk 00:36:18] [%emt 00:01:23]}
15. Kxe2 {[%clk 00:40:08] [%emt 00:00:02]} Bg7 {[%clk 00:34:46] [%emt 00:02:01]}
16. Rh4 {[%clk 00:18:51] [%emt 00:21:46]} Ba6 {[%clk 00:24:10] [%emt 00:11:07]}
17. Ke1 {[%clk 00:09:25] [%emt 00:09:56]} c5 {[%clk 00:16:14] [%emt 00:08:27]}
18. a3 {[%clk 00:09:54] [%emt 00:00:01]} cxd4 {[%clk 00:16:05] [%emt 00:00:39]}
19. axb4 {[%clk 00:10:22] [%emt 00:00:02]} axb4 {[%clk 00:15:45] [%emt
00:00:50]} 20. Bxh6 {[%clk 00:06:40] [%emt 00:04:12]} Bxh6 {[%clk 00:14:34]
[%emt 00:01:41]} 21. Rxh6 {[%clk 00:07:08] [%emt 00:00:02]} Bb7 {[%clk 00:14:54]
[%emt 00:00:09]} 22. Rxa8+ {[%clk 00:05:35] [%emt 00:02:04]} Bxa8 {[%clk
00:15:23]} 23. g3 {[%clk 00:04:05] [%emt 00:02:00]} Ke7 {[%clk 00:13:11] [%emt
00:02:42]} 24. Kd2 {[%clk 00:03:54] [%emt 00:00:40]} Rg8 {[%clk 00:06:26] [%emt
00:07:15]} 25. Ra6 {[%clk 00:02:09] [%emt 00:02:15]} Bf3 {[%clk 00:05:33] [%emt
00:01:23]} 26. Rf6 {[%clk 00:01:52] [%emt 00:00:47]} Bh5 {[%clk 00:04:48] [%emt
00:01:15]} 27. Rh6 {[%clk 00:00:32] [%emt 00:01:51]} Bg6 {[%clk 00:04:57] [%emt
00:00:21]} 28. Bh3 {[%clk 00:00:40] [%emt 00:00:21]} Ra8 {[%clk 00:01:29] [%emt
00:03:58]} 29. f4 {[%clk 00:00:59] [%emt 00:00:11]} Be4 {[%clk 00:01:28] [%emt
00:00:30]} 30. f5 {[%clk 00:01:10] [%emt 00:00:20]} Ra5 {[%clk 00:01:21] [%emt
00:00:38]} 31. Rxh7 {[%emt 00:01:12]} Rxe5 {[%clk 00:01:44] [%emt 00:00:02]} 32.
g4 {[%clk 00:01:01] [%emt 00:00:01]} Ra5 {[%clk 00:01:10] [%emt 00:01:03]} 33.
Bf1 {[%clk 00:00:36] [%emt 00:00:56]} Ra2 {[%clk 00:00:36] [%emt 00:01:05]} 34.
Bd3 {[%clk 00:00:59] [%emt 00:00:07]} Bxd3 {[%clk 00:00:50] [%emt 00:00:16]} 35.
Kxd3 {[%clk 00:01:28] [%emt 00:00:01]} Rxb2 {[%clk 00:00:43] [%emt 00:00:38]}
36. Kxd4 {[%clk 00:00:33] [%emt 00:01:24]} Rg2 {[%clk 00:00:36] [%emt 00:00:36]}
37. Ke5 {[%clk 00:00:55] [%emt 00:00:09]} Rxg4 {[%clk 00:00:35] [%emt 00:00:31]}
38. f6+ {[%clk 00:00:55] [%emt 00:00:30]} Kf8 {[%clk 00:01:04]} 39. Rh8+ {[%clk
00:01:19] [%emt 00:00:05]} Rg8 {[%clk 00:01:33] [%emt 00:00:01]} 40. Rh1 {[%clk
00:01:43] [%emt 00:00:05]} Ke8 {[%clk 00:00:44] [%emt 00:01:21]} 41. c5 {[%clk
00:45:44] [%emt 00:06:29]} d6+ {[%clk 00:27:37] [%emt 00:23:36]} 42. cxd6 {[%clk
00:44:46] [%emt 00:01:28]} c6 {[%clk 00:24:16] [%emt 00:03:52]} 43. Ra1 {[%clk
00:09:59] [%emt 00:35:17]} Rg5+ {[%clk 00:24:31] [%emt 00:00:15]} 44. Kf4 {[%clk
00:10:28] [%emt 00:00:01]} Rb5 {[%clk 00:20:53] [%emt 00:04:08]} 45. Ra8+ {[%clk
00:10:51] [%emt 00:00:07]} Kd7 {[%clk 00:21:19] [%emt 00:00:04]} 46. Rf8 {[%clk
00:05:04] [%emt 00:06:17]} Kxd6 {[%clk 00:04:09] [%emt 00:17:41]} 47. Rxf7
{[%clk 00:05:28] [%emt 00:00:05]} b3 {[%clk 00:04:23] [%emt 00:00:16]} 48. Ra7
{[%clk 00:05:33] [%emt 00:00:23]} Ke6 {[%clk 00:02:44] [%emt 00:02:10]} 49. f7
{[%clk 00:03:57] [%emt 00:02:06]} Rb8 {[%clk 00:00:48] [%emt 00:02:26]} 50. Ke3
{[%clk 00:02:46] [%emt 00:01:41]} b2 {[%clk 00:00:34] [%emt 00:00:45]} 51. f8=Q
{[%clk 00:03:07] [%emt 00:00:08]} Rxf8 {[%clk 00:00:57] [%emt 00:00:08]} 52. Rb7
{[%clk 00:03:32] [%emt 00:00:04]} Kd5 {[%clk 00:00:35] [%emt 00:00:52]} 53. Rxb2
{[%clk 00:03:10] [%emt 00:00:53]} c5 {[%clk 00:00:49] [%emt 00:00:16]} *

[Site "Europe Echecs"]

[Event "Grand Swiss "]
[Date "2025.09.08"]
[White "Predke, Alexandr"]
[Black "Rapport, Richard"]
[WhiteElo "2609"]
[BlackElo "2711"]
[Round "4.4.13"]
[Result "0-1"]

1. d4 {[%clk 01:40:42] [%emt 00:00:17]} f5 {[%clk 01:40:00] [%emt 00:01:00]} 2.
g3 {[%clk 01:40:51] [%emt 00:00:21]} Nf6 {[%clk 01:40:23] [%emt 00:00:06]} 3.
Bg2 {[%clk 01:41:16] [%emt 00:00:05]} g6 {[%clk 01:40:35] [%emt 00:00:18]} 4.
Nd2 {[%clk 01:41:26] [%emt 00:00:20]} Bg7 {[%clk 01:39:04] [%emt 00:02:01]} 5.
e4 {[%clk 01:41:28] [%emt 00:00:29]} fxe4 {[%clk 01:39:27] [%emt 00:00:08]} 6.
Nxe4 {[%clk 01:41:53] [%emt 00:00:05]} Nxe4 {[%clk 01:39:43] [%emt 00:00:14]} 7.
Bxe4 {[%clk 01:42:17] [%emt 00:00:05]} d5 {[%clk 01:40:08] [%emt 00:00:05]} 8.
Bg2 {[%clk 01:42:23] [%emt 00:00:24]} O-O {[%clk 01:37:42] [%emt 00:02:58]} 9.
Nh3 {[%clk 01:35:35] [%emt 00:07:17]} Nc6 {[%clk 01:33:06] [%emt 00:05:05]} 10.
c3 {[%clk 01:35:08] [%emt 00:00:58]} e5 {[%clk 01:31:51] [%emt 00:01:46]} 11.
dxe5 {[%clk 00:51:12] [%emt 00:44:26]} Nxe5 {[%clk 01:29:39] [%emt 00:02:41]}
12. f4 {[%clk 00:19:45] [%emt 00:31:58]} Nf7 {[%clk 01:19:44] [%emt 00:10:25]}
13. O-O {[%clk 00:20:08] [%emt 00:00:07]} c6 {[%clk 01:19:01] [%emt 00:01:13]}
14. Be3 {[%clk 00:20:27] [%emt 00:00:10]} Re8 {[%clk 01:19:08] [%emt 00:00:23]}
15. Bd4 {[%clk 00:19:50] [%emt 00:01:08]} Bxd4+ {[%clk 01:19:25] [%emt
00:00:13]} 16. Qxd4 {[%clk 00:20:11] [%emt 00:00:08]} Qb6 {[%clk 01:17:24] [%emt
00:02:31]} 17. Ng5 {[%clk 00:09:07] [%emt 00:11:34]} Nd6 {[%clk 01:03:19] [%emt
00:14:35]} 18. Rfe1 {[%clk 00:08:45] [%emt 00:00:52]} Bg4 {[%clk 01:03:32] [%emt
00:00:17]} 19. Qxb6 {[%clk 00:04:18] [%emt 00:04:58]} axb6 {[%clk 01:03:18]
[%emt 00:00:44]} 20. h4 {[%clk 00:04:42]} h6 {[%clk 01:02:06] [%emt 00:01:47]}
21. Rxe8+ {[%clk 00:04:22]} Rxe8 {[%clk 01:02:14] [%emt 00:01:13]} 22. Nf3
{[%clk 00:04:14]} Bxf3 {[%clk 00:56:21] [%emt 00:07:01]} 23. Bxf3 {[%clk
00:04:40]} Nc4 {[%clk 00:56:10] [%emt 00:00:44]} 24. b3 {[%clk 00:04:57]} Nb2
{[%clk 00:56:25] [%emt 00:00:28]} 25. Bg4 {[%clk 00:01:12]} h5 {[%clk 00:52:32]
[%emt 00:08:39]} 26. Bd7 {[%clk 00:01:11]} Re3 {[%clk 00:52:41] [%emt 00:00:52]}
27. Kg2 {[%clk 00:00:48]} Rxc3 {[%clk 00:38:00] [%emt 00:16:03]} 28. Be8 {[%clk
00:01:15]} Kg7 {[%clk 00:38:25] [%emt 00:00:09]} 29. Re1 {[%clk 00:01:07]} Kf6
{[%clk 00:38:45] [%emt 00:00:47]} 30. f5 {[%clk 00:00:47]} Rc2+ {[%clk 00:36:55]
[%emt 00:03:10]} 31. Kg1 {[%clk 00:00:39]} gxf5 {[%clk 00:36:55] [%emt
00:01:08]} 32. Bxh5 {[%clk 00:00:59]} d4 {[%clk 00:37:10] [%emt 00:00:25]} 0-1

[Site "Europe Echecs"]